[Event "Bad Griesbach Seniors op 13th"]
[Site "Bad Griesbach"]
[Date "2010.12.11"]
[Round "7"]
[White "Pribyl, Josef"]
[Black "Stoehr, Helmut"]
[Result "1-0"]
[WhiteElo "2271"]
[BlackElo "1954"]
[PlyCount "49"]
[EventDate "2010.12.05"]
[EventType "swiss"]
[EventRounds "7"]
[EventCountry "GER"]
[SourceTitle "EXT 2015"]
[Source "ChessBase"]
[SourceDate "2014.11.20"]
[SourceVersion "1"]
[SourceVersionDate "2014.11.20"]
[SourceQuality "1"]

1. Nf3 Nf6 2. c4 g6 3. Nc3 Bg7 4. g3 0-0 5. Bg2 d6 6. 0-0 e5 7. d3 c6 8. Rb1 a5 9. a3 Nbd7 10. b4 axb4 11. axb4 Re8 12. b5 Nc5 13. Bb2 Bd7 14. Qc2 Qc8 15. Ra1 Rxa1 16. Rxa1 e4 17. dxe4 Nfxe4 18. Nxe4 Bxb2 19. Nxd6 Qb8 20. Rd1 Bg7 21. Nxe8 Qxe8 22. Nd4 cxb5 23. cxb5 b6 24. Nc6 Be6 25. Rd8 1-0

[Event "Bad Griesbach Seniors op 12th"]
[Site "Bad Griesbach"]
[Date "2009.12.02"]
[Round "4"]
[White "Stoehr, Helmut"]
[Black "Klein, Reinhard"]
[Result "1/2-1/2"]
[WhiteElo "1954"]
[BlackElo "1737"]
[PlyCount "104"]
[EventDate "2009.11.29"]
[EventType "swiss"]
[EventRounds "7"]
[EventCountry "GER"]
[SourceTitle "EXT 2015"]
[Source "ChessBase"]
[SourceDate "2014.11.20"]
[SourceVersion "1"]
[SourceVersionDate "2014.11.20"]
[SourceQuality "1"]

1. e4 c5 2. Nf3 Nc6 3. d4 cxd4 4. Nxd4 Nf6 5. Nc3 d6 6. Bc4 g6 7. f4 Bg7 8. Nxc6 bxc6 9. e5 Bg4 10. exf6 Bxd1 11. fxg7 Rg8 12. Nxd1 d5 13. Bd3 e6 14. 0-0 Qf6 15. c3 Qxg7 16. Be3 Kd7 17. b4 Rgb8 18. a4 a6 19. Bd4 f6 20. Ne3 a5 21. b5 cxb5 22. Bxb5+ Kd6 23. Ng4 Rf8 24. c4 Qb7 25. c5+ Ke7 26. c6 Qc7 27. Bc5+ Kf7 28. Bxf8 Rxf8 29. Kh1 h5 30. Ne3 Rd8 31. Rad1 Kg7 32. Nc2 e5 33. fxe5 fxe5 34. Rf2 d4 35. h3 d3 36. Rxd3 Rxd3 37. Bxd3 Qxc6 38. Bb5 Qd6 39. Re2 e4 40. Ne3 h4 41. Bc4 Qb4 42. Bb5 Qd4 43. Ng4 Qd1+ 44. Kh2 Qd6+ 45. Kg1 Qd1+ 46. Kf2 Qd4+ 47. Re3 Qd2+ 48. Kg1 Qd1+ 49. Kf2 Qd2+ 50. Re2 Qf4+ 51. Kg1 Qc1+ 52. Kf2 Qf4+ 1/2-1/2

[Event "Bad Griesbach Seniors op 11th"]
[Site "Bad Griesbach"]
[Date "2008.12.13"]
[Round "7"]
[White "Stoehr, Helmut"]
[Black "Wist, Alexander"]
[Result "0-1"]
[WhiteElo "1954"]
[BlackElo "2088"]
[PlyCount "91"]
[EventDate "2008.12.07"]
[EventType "swiss"]
[EventRounds "7"]
[EventCountry "GER"]
[SourceTitle "EXT 2015"]
[Source "ChessBase"]
[SourceDate "2014.11.20"]
[SourceVersion "1"]
[SourceVersionDate "2014.11.20"]
[SourceQuality "1"]

1. e4 c5 2. Nf3 d6 3. d4 cxd4 4. Nxd4 Nf6 5. Nc3 a6 6. Bc4 e6 7. Bb3 Be7 8. 0-0 0-0 9. Kh1 Nc6 10. Be3 Qc7 11. f4 Bd7 12. f5 Nxd4 13. Bxd4 e5 14. Be3 Bc6 15. Nd5 Bxd5 16. exd5 h6 17. c3 b5 18. Rf3 Qb7 19. Rg3 Kh7 20. Rh3 Rh8 21. g4 Kg8 22. Qf3 Nh7 23. Rg3 Bh4 24. Rg2 Ng5 25. Bxg5 Bxg5 26. Qe4 a5 27. a4 b4 28. cxb4 Qxb4 29. Qxb4 axb4 30. a5 Be3 31. Bc4 f6 32. Bb5 Kf7 33. Bc6 Rac8 34. a6 Rc7 35. Rc2 Ke7 36. b3 Bd4 37. Ra4 Rb8 38. Rd2 Ba7 39. Kg2 Rb6 40. Kf3 Kd8 41. Ke4 Rcxc6 42. dxc6 Kc7 43. Rc2 Rb5 44. Rc4 d5+ 45. Kd3 dxc4+ 46. bxc4 0-1

[Event "Bad Griesbach Seniors op 11th"]
[Site "Bad Griesbach"]
[Date "2008.12.11"]
[Round "5"]
[White "Bilyavskyy, Borys"]
[Black "Stoehr, Helmut"]
[Result "0-1"]
[WhiteElo "1795"]
[BlackElo "1954"]
[PlyCount "74"]
[EventDate "2008.12.07"]
[EventType "swiss"]
[EventRounds "7"]
[EventCountry "GER"]
[SourceTitle "EXT 2015"]
[Source "ChessBase"]
[SourceDate "2014.11.20"]
[SourceVersion "1"]
[SourceVersionDate "2014.11.20"]
[SourceQuality "1"]

1. c4 Nf6 2. Nf3 g6 3. Nc3 Bg7 4. g3 0-0 5. Bg2 c5 6. 0-0 Nc6 7. d3 d6 8. h3 Bd7 9. Bd2 Rb8 10. Rb1 a6 11. e4 b5 12. cxb5 axb5 13. a3 b4 14. axb4 Nxb4 15. Qe2 Qc8 16. Kh2 Qa6 17. Ne1 e5 18. Be3 Be6 19. Qd2 Nh5 20. Bf3 Nf6 21. g4 Nd7 22. Be2 Rfe8 23. d4 Bc4 24. d5 Bxe2 25. Qxe2 c4 26. Ng2 Nd3 27. Rfd1 Rb3 28. Ne1 Nf4 29. Qc2 Reb8 30. Ra1 Qc8 31. Ra2 h5 32. f3 Nc5 33. Rd2 hxg4 34. fxg4 Bf6 35. Nf3 Nfd3 36. Qd1 Nxb2 37. Rc2 Nxd1 0-1

[Event "Bad Griesbach Seniors op 10th"]
[Site "Bad Griesbach"]
[Date "2007.12.04"]
[Round "3"]
[White "Pribyl, Josef"]
[Black "Stoehr, Helmut"]
[Result "1-0"]
[WhiteElo "2354"]
[BlackElo "1954"]
[PlyCount "57"]
[EventDate "2007.12.02"]
[EventType "swiss"]
[EventRounds "7"]
[EventCountry "GER"]
[SourceTitle "EXT 2015"]
[Source "ChessBase"]
[SourceDate "2014.11.20"]
[SourceVersion "1"]
[SourceVersionDate "2014.11.20"]
[SourceQuality "1"]

1. c4 Nf6 2. Nf3 g6 3. Nc3 Bg7 4. g3 0-0 5. Bg2 d6 6. 0-0 c6 7. d3 e5 8. Bd2 Bg4 9. h3 Bxf3 10. Bxf3 Nbd7 11. b4 Ne8 12. b5 Qc7 13. bxc6 bxc6 14. Rb1 f5 15. Nd5 cxd5 16. Bxd5+ Kh8 17. Bxa8 Nef6 18. Bg2 Nc5 19. Qc1 e4 20. Qa3 Re8 21. Be3 Nfd7 22. dxe4 fxe4 23. Rfd1 h5 24. Qb4 Kh7 25. Qd2 Bf8 26. Bf4 Ne5 27. Qd5 Nf7 28. Rb5 g5 29. Rxc5 1-0

[Event "Bad Griesbach Seniors op 10th"]
[Site "Bad Griesbach"]
[Date "2007.12.03"]
[Round "2"]
[White "Stoehr, Helmut"]
[Black "Simmon, Norbert"]
[Result "1-0"]
[WhiteElo "1954"]
[BlackElo "1700"]
[PlyCount "111"]
[EventDate "2007.12.02"]
[EventType "swiss"]
[EventRounds "7"]
[EventCountry "GER"]
[SourceTitle "EXT 2015"]
[Source "ChessBase"]
[SourceDate "2014.11.20"]
[SourceVersion "1"]
[SourceVersionDate "2014.11.20"]
[SourceQuality "1"]

1. e4 c5 2. Nf3 d6 3. d4 cxd4 4. Nxd4 Nf6 5. Nc3 a6 6. Bc4 Qc7 7. Bb3 e6 8. 0-0 Be7 9. Be3 0-0 10. g4 Nc6 11. g5 Nd7 12. f4 Nc5 13. Qh5 Nxb3 14. Nxb3 g6 15. Qh6 f6 16. f5 exf5 17. Nd5 Qd8 18. Bb6 Qd7 19. exf5 gxf5 20. Nd4 fxg5 21. Nxc6 bxc6 22. Bd4 Bd8 23. Nb6 Qa7 24. Rad1 c5 25. Nxc8 Rxc8 26. Qe6+ Qf7 27. Qxc8 Bf6 28. Qxa6 Bxd4+ 29. Rxd4 cxd4 30. Qxd6 Qa7 31. Rf2 f4 32. Qd5+ Kh8 33. Kg2 Qa8 34. Qxa8 Rxa8 35. a3 Kg7 36. Rd2 Rc8 37. Kf3 Kf6 38. Ke4 h5 39. a4 Re8+ 40. Kxd4 f3 41. a5 Kf5 42. b4 Kf4 43. a6 Rd8+ 44. Kc3 Rc8+ 45. Kb3 g4 46. b5 Ke3 47. Rd7 h4 48. a7 f2 49. Rf7 g3 50. hxg3 hxg3 51. b6 g2 52. b7 f1Q 53. Rxf1 gxf1Q 54. bxc8Q Qf7+ 55. Kb4 Qxa7 56. Qc5+ 1-0

[Event "Bad Griesbach Seniors op 09th"]
[Site "Bad Griesbach"]
[Date "2006.12.04"]
[Round "2"]
[White "Alefs, Heinz"]
[Black "Stoehr, Helmut"]
[Result "0-1"]
[WhiteElo "1682"]
[BlackElo "1954"]
[PlyCount "29"]
[EventDate "2006.12.03"]
[EventType "swiss"]
[EventRounds "7"]
[EventCountry "GER"]
[SourceTitle "EXT 2015"]
[Source "ChessBase"]
[SourceDate "2014.11.20"]
[SourceVersion "1"]
[SourceVersionDate "2014.11.20"]
[SourceQuality "1"]

1. d4 Nf6 2. Nf3 g6 3. e3 Bg7 4. Bd3 0-0 5. 0-0 d6 6. e4 Nbd7 7. e5 dxe5 8. Nxe5 Nxe5 9. dxe5 Ng4 10. Bf4 Nxe5 11. Bxe5 Bxe5 12. c3 Qd6 13. g3 Bh3 14. Re1 Rad8 15. Qf3 0-1

[Event "Bad Griesbach Seniors op 7th"]
[Site "Bad Griesbach"]
[Date "2004.12.10"]
[Round "6"]
[White "Schneider, Miloca"]
[Black "Stoehr, Helmut"]
[Result "0-1"]
[WhiteElo "1759"]
[BlackElo "1870"]
[PlyCount "58"]
[EventDate "2004.12.05"]
[EventType "swiss"]
[EventRounds "7"]
[EventCountry "GER"]
[SourceTitle "EXT 2006"]
[Source "ChessBase"]
[SourceDate "2005.11.24"]
[SourceVersion "1"]
[SourceVersionDate "2005.11.24"]
[SourceQuality "1"]

1. d4 Nf6 2. c4 g6 3. Nc3 Bg7 4. e4 d6 5. f3 0-0 6. Be3 c6 7. Nge2 Nbd7 8. g4 e5 9. d5 cxd5 10. cxd5 Ne8 11. h4 Nb6 12. Ng3 f5 13. gxf5 gxf5 14. exf5 Bxf5 15. Nce4 Kh8 16. Qd2 Bxe4 17. Nxe4 Nc7 18. Ng5 Nbxd5 19. Bc4 Nxe3 20. Qxe3 Qe7 21. Qe4 Bh6 22. Bd3 d5 23. Qa4 Rxf3 24. Bxh7 Rf4 25. Qc2 Qb4+ 26. Ke2 Nb5 27. Rad1 Raf8 28. Rh2 Nd4+ 29. Rxd4 Qxd4 0-1

[Event "Bad Griesbach Seniors op 6th"]
[Site "Bad Griesbach"]
[Date "2003.12.06"]
[Round "7"]
[White "Bilyavskyy, Borys"]
[Black "Stoehr, Helmut"]
[Result "1/2-1/2"]
[WhiteElo "1802"]
[BlackElo "1954"]
[PlyCount "136"]
[EventDate "2003.11.30"]
[EventType "swiss"]
[EventRounds "7"]
[EventCountry "GER"]
[SourceTitle "EXT 2006"]
[Source "ChessBase"]
[SourceDate "2005.11.24"]
[SourceVersion "1"]
[SourceVersionDate "2005.11.24"]
[SourceQuality "1"]

1. e4 c5 2. Nf3 d6 3. Bb5+ Bd7 4. Bxd7+ Qxd7 5. 0-0 Nc6 6. c3 Nf6 7. Qe2 e6 8. d4 d5 9. exd5 Qxd5 10. Rd1 Be7 11. Be3 Rd8 12. Nbd2 0-0 13. dxc5 a5 14. Nb3 Qh5 15. a4 Ng4 16. h3 Nge5 17. Bd4 Nxf3+ 18. Qxf3 Qxf3 19. gxf3 Rd7 20. Be3 Rfd8 21. Rxd7 Rxd7 22. f4 f5 23. Kf1 Bd8 24. Nd4 Kf7 25. Ke2 Bc7 26. Nxc6 bxc6 27. b4 e5 28. b5 exf4 29. Bd4 Re7+ 30. Kd3 Re6 31. b6 Bb8 32. Rg1 g6 33. c4 h6 34. Bc3 f3 35. Rd1 Re2 36. Rd2 Re1 37. Ra2 Rd1+ 38. Rd2 Re1 39. Rc2 Rb1 40. h4 g5 41. hxg5 hxg5 42. Ra2 g4 43. Bxa5 f4 44. Bc3 g3 45. fxg3 fxg3 46. Bd4 g2 47. a5 Rd1+ 48. Rd2 g1Q 49. Bxg1 Rxg1 50. a6 Ra1 51. a7 Bxa7 52. bxa7 Rxa7 53. Rf2 Ke6 54. Rxf3 Ra1 55. Re3+ Kd7 56. Kd4 Rh1 57. Rg3 Rh7 58. Kc3 Kc7 59. Kb4 Kb7 60. Ka5 Rf7 61. Rb3+ Kc7 62. Ka6 Rf1 63. Rb7+ Kc8 64. Rg7 Rb1 65. Ka5 Rb2 66. Ka4 Rb1 67. Ka3 Kb8 68. Rh7 Kc8 1/2-1/2

[Event "Bad Griesbach Seniors op 6th"]
[Site "Bad Griesbach"]
[Date "2003.11.30"]
[Round "1"]
[White "Stoehr, Helmut"]
[Black "Klimpel, Siegfried"]
[Result "1-0"]
[WhiteElo "1954"]
[BlackElo "1554"]
[PlyCount "69"]
[EventDate "2003.11.30"]
[EventType "swiss"]
[EventRounds "7"]
[EventCountry "GER"]
[SourceTitle "EXT 2006"]
[Source "ChessBase"]
[SourceDate "2005.11.24"]
[SourceVersion "1"]
[SourceVersionDate "2005.11.24"]
[SourceQuality "1"]

1. e4 c5 2. Nf3 Nc6 3. d4 cxd4 4. Nxd4 Nf6 5. Nc3 e6 6. Be3 Bb4 7. Bd3 0-0 8. 0-0 Bxc3 9. bxc3 d5 10. Nxc6 bxc6 11. e5 Nd7 12. f4 c5 13. Rf3 f5 14. Rh3 Qe7 15. Qh5 g6 16. Qh6 Rb8 17. Rf1 Rf7 18. g4 Rb2 19. gxf5 exf5 20. Bf2 c4 21. e6 Qxe6 22. Re1 Qd6 23. Re8+ Nf8 24. Rxc8 cxd3 25. cxd3 Rbb7 26. Bc5 Qf6 27. Bd4 Qd6 28. Re3 Qa3 29. Re1 Rbc7 30. Rxc7 Rxc7 31. Qh4 Rf7 32. Qd8 Qxa2 33. Qe8 Qd2 34. Qe5 Rf6 35. Ra1 1-0